000 00812cab a2200229 4500
001 WB2902-36
008 090401t1993 xxu||||| |||| 00| 0 eng d
035 _a(Sirsi) u25578
041 _aeng
245 _aHouse price fall accelerates
260 _c1993
350 _a0
490 _aDaily Express
_v13 January 1993, 21
490 _aFinancial Times
_v13 January 1993, 7
490 _aTimes
_v15 January 1993, 2(2)
520 _aHouse prices fell 4.3% in the final quarter of last year following reimposition of stamp duty on house purchases and Britain`s exit from the exchange rate mechanism according to the Halifax Building Society.
650 _aHOUSE PRICES
650 _aSTAMP DUTY
690 _aPROPERTY-RESIDENTIAL PROPERTY-RESIDENTIAL PROPERTY MARKET
942 _n0
948 _c04/03/1997
999 _c17181
_d17181